| 000 | | | 03954cbm0a2200265#x 450 |
| 001 | | | 514f24f6-cff7-494d-a6e2-188f844e4c6c |
| 005 | | | 20221216132346.0 |
| 100 | ## | $a | 20221214j194107##k###0rusy50 ca |
| 101 | 0# | $a | rus |
| 102 | ## | $a | RU |
| 122 | 0# | $a | d194107#### |
| 200 | 1# | $a | Схема структуры партизанского отряда, действующего в первые дни Великой Отечественной войны |
| | $j | [Не ранее июля 1941 г.] |
| 251 | ## | $c | Документ |
| 300 | ## | $a | Подлинник |
| 461 | #0 | $1 | 2001 |
| | $a | Ф. 625 |
| | $1 | 251 |
| | $c | Фонд |
| | $1 | 852 |
| | $j | 625 |
| 462 | #0 | $1 | 2001 |
| | $a | Оп. 1 |
| | $1 | 251 |
| | $c | Опись |
| | $1 | 852 |
| | $j | 1 |
| 462 | #0 | $1 | 2001 |
| | $a | Д. 14 |
| | $v | Л. 43 |
| | $1 | 251 |
| | $c | Дело |
| | $1 | 852 |
| | $j | 14 |
| 605 | ## | $2 | prlib_sh |
| | $3 | LIBNET\UAF\0000088514 |
| | $a | Вторая мировая война в архивных документах (Комплекс оцифрованных архивных документов, кино- и фотоматериалов) |
| | $l | коллекция |
| 606 | 1# | $2 | nlr_sh |
| | $3 | RU\NLR\AUTH\66111865 |
| | $a | Великая Отечественная война |
| | $z | 1941 - 1945 |
| | $x | Партизанское движение |
| | $j | Документы и материалы |
| 686 | ## | $a | 63.3(2)622,5ю11 |
| | $v | LBC/M |
| | $2 | rubbk |
| 801 | #0 | $a | RU |
| | $b | ПБ им. Б.Н. Ельцина |
| | $c | 20221214 |
| 801 | #1 | $a | RU |
| | $b | ПБ им. Б.Н. Ельцина |
| | $c | 20221214 |
| | $2 | rusmarc |
| 801 | #2 | $a | RU |
| | $b | ПБ им. Б.Н. Ельцина |
| | $c | 20221216 |
| | $2 | rusmarc |
| 850 | ## | $a | Российский государственный архив социально-политической истории |
| 852 | ## | $a | РГАСПИ |
| | $j | Л. 43 |
| 035 | ## | $a | LIBNET\0001296678 |
| 937 | ## | $d | 181530010 |
| | $h | Федеральное архивное агентство |
| 856 | 4# | $u | http://readingroom.main.prlib.ru/item.aspx?id_node=n181530010&mode=full |